Statistiken für Mittelerde - die Valar

Klicken Sie hier um das Quiz zu spielen!

Allgemein

  • Dieses Quiz wurde 47 mal gespielt
  • Das Durchschnittsergebnis liegt bei 7 aus 15

Antwortstatistiken

Name% Korrekt
Melkor
81%
Aule
72%
Manwe
72%
Ulmo
69%
Yavanna
66%
Tulkas
63%
Mandos
56%
Orome
56%
Varda
44%
Nessa
34%
Nienna
34%
Vana
28%
Este
25%
Vaire
22%
Irmo
16%

Verteilung der Resultate

Perzentil nach korrekt beantworteten Fragen

Anzahl Personen mit jedem Resultat

Ihre Resultats-Entwicklung

Sie haben dieses Quiz noch nicht gespielt